00669nam a2200181 i 450000100060000000300090000600500170001500700030003200800410003510000360007624500860011226000750019830000350027353000350030865000240034385200220036785600980038954249ES-MaACL20250721144331.0t|960716s1880 fr a |||| | fre d1 aFlammarion, Camille,d1842-192510aAstronomie populaire b: description générale du ciel / cCamille Flammarion. aParis : bC. Marpon et E. Flammarion, c1880 (fimp. Gauthier-Villars) a[8], 839 p. : bil. ; c29 cm. aDisponible en formato digital. 7aAstronomía2embne aES-MaACLjG-12252 uhttps://gallica.bnf.fr/ark:/12148/bpt6k94887w?rk=21459;2 zBibliothèque Nationale de France